Benchmarking an international journal. Vol. 12, No. 2, Benchmarking in civil aviation

Bibliographic Details
Corporate Author: ProQuest (Firm)
Other Authors: Francis, Graham., Humphreys, Ian.
Format: Electronic eBook
Language:English
Published: Bradford, England : Emerald Group Publishing, c2005.
Subjects:
Online Access:Click to View
LEADER 01235nam a2200325Ia 4500
001 EBC233891
003 MiAaPQ
005 20200520144314.0
006 m o d |
007 cr cn|||||||||
008 000815s2005 enk s 000 0 eng d
020 |z 1845441346 
035 |a (MiAaPQ)EBC233891 
035 |a (Au-PeEL)EBL233891 
035 |a (CaPaEBR)ebr10085633 
035 |a (CaONFJC)MIL50879 
035 |a (OCoLC)936901068 
040 |a MiAaPQ  |c MiAaPQ  |d MiAaPQ 
050 4 |a HD62.15  |b .B46 v.12, no.2 2005 
245 0 0 |a Benchmarking an international journal.  |n Vol. 12, No. 2,  |p Benchmarking in civil aviation  |h [electronic resource] /  |c Guest editors: Graham Francis and Ian Humphreys. 
260 |a Bradford, England :  |b Emerald Group Publishing,  |c c2005. 
300 |a 91 p. 
533 |a Electronic reproduction. Ann Arbor, MI : ProQuest, 2015. Available via World Wide Web. Access may be limited to ProQuest affiliated libraries. 
650 0 |a Quality control. 
650 0 |a Benchmarking (Management) 
655 4 |a Electronic books. 
700 1 |a Francis, Graham. 
700 1 |a Humphreys, Ian. 
710 2 |a ProQuest (Firm) 
856 4 0 |u https://ebookcentral.proquest.com/lib/matrademy/detail.action?docID=233891  |z Click to View